00483nam a2200193 a 4500001001300000003000900013005001700022008004100039020000800080082001800088100002200106245002500128260003900153300000900192500003500201505001300236650001800249700002200267nice12345678IN_TiNIC20260116011810.0050524s1957 hyda grp 000 0 urd  ac100a294.5924bAHM aAhmad, Hasanuddin aShrimad Bhagwat Gita aHyderabadbMatba Ibrahimiyyac1957 a160p aincludes index and biblioraphy2 aAppendix aBhagavad Gita1 aAhmad, Hasanuddin